000 00485cam a2200193ua 4500
001 5949
005 20260515113946.0
008 131029n ii |||gr||||Z||||||eng
020 _a19 562178 6
040 _cMAIN
082 _a954.035
245 1 1 _aIndian Briefing,1987
260 _aBombay:
_bOxford University Press,
_c1987.
_aCalcutta:
_aMadras:
300 _avii,209p.
653 _aHistory
653 _aIndia Briefing,1987
700 1 _aBouton,Marshall,
_eEditor.,
942 _cBK
999 _c5098
_d5098